Compendio de la prueba judicial /
La obra consta de dos volúmenes. En ellos, el autor aborda de manera sistemática el estudio de las pruebas que se hacen valer en los procedimientos jurídicos. Dicho estudio se completa con la relación que tienen estas, en los diversos códigos de procedimientos civiles de los países latinoamericanos...
Gorde:
| Egile nagusia: | |
|---|---|
| Beste egile batzuk: | |
| Formatua: | Liburua |
| Hizkuntza: | gaztelania |
| Gaiak: | |
| Etiketak: |
Etiketarik gabe, Izan zaitez lehena erregistro honi etiketa jartzen!
|
MARC
| LEADER | 00000nam^a2200000^a^4500 | ||
|---|---|---|---|
| 001 | 000157615 | ||
| 005 | 20250521000000.0 | ||
| 009 | 20260310100546.029 | ||
| 020 | |a 950-727-297-6 | ||
| 037 | |a Acervo ITESO - Biblioteca | ||
| 041 | |a ESP | ||
| 082 | |a 347. 8006 |b DEV | ||
| 100 | |a Devis Echandía, Hernando |e (autor) | ||
| 245 | 1 | 0 | |a Compendio de la prueba judicial / |c H. Devis Echandía ; concordancias de A. Alvarado Velloso. |
| 264 | |a Buenos Aires, Argentina : |b Rubinzal-Culzoni, |c 2000 | ||
| 300 | |a 2 v. (352 p., 351 p.) | ||
| 336 | |a texto |b txt |2 rdacontenido | ||
| 337 | |a sin mediación |b n |2 rdamedio | ||
| 338 | |a volumen |b nc |2 rdasoporte | ||
| 520 | |a La obra consta de dos volúmenes. En ellos, el autor aborda de manera sistemática el estudio de las pruebas que se hacen valer en los procedimientos jurídicos. Dicho estudio se completa con la relación que tienen estas, en los diversos códigos de procedimientos civiles de los países latinoamericanos y el de España. | ||
| 649 | |a XX | ||
| 650 | |a Confesión (Derecho) | ||
| 650 | |a Presunciones (Derecho) | ||
| 650 | |a Prueba Documental | ||
| 650 | |a Prueba Pericial | ||
| 650 | |a Prueba Indiciaria | ||
| 650 | |a Prueba (Derecho) - |z Latinoamérica | ||
| 650 | |a Prueba (Derecho) - |z España | ||
| 650 | |a Acciones y Defensas - |z Latinoamérica | ||
| 650 | |a Acciones y Defensas - |z España | ||
| 650 | |a Derecho Procesal - |z Latinoamérica | ||
| 650 | |a Derecho Procesal - |z España | ||
| 650 | |a Derecho Procesal Civil - |z Latinoamérica | ||
| 650 | |a Derecho Procesal Civil - |z España | ||
| 650 | |a Derecho Procesal - |z Latinoamérica | ||
| 650 | |a Derecho Procesal - |z España | ||
| 650 | |a Derecho Público - |z Latinoamérica | ||
| 650 | |a Derecho Público - |z España | ||
| 650 | |a Derecho Positivo - |z Latinoamérica | ||
| 650 | |a Derecho Positivo - |z España | ||
| 700 | |a Velloso Alvarado, Adolfo |e (autor) | ||
| 910 | |a Fondo General | ||
| 920 | |a Impresos - Libros | ||
| 930 | |a Colección General | ||
| 905 | |a 101 | ||
| 901 | |a 0500086931 |b IT1 |c ACC |u 20250521 | ||
| 901 | |a 0500086928 |b IT1 |c ACC |u 20250521 | ||
| 902 | |a https://opac.biblio.iteso.mx/vufind/Record/000157615 | ||